000 00357nam a2200157Ia 4500
003 Ost
005 20260225132554.0
008 260225s9999||||xx |||||||||||||| ||und||
040 _cfsic
041 _afre
082 _a440
100 _ah'éléne y'meynau
_eAuteur
245 0 _ales sondage d'opinion /
245 0 _ch'éléne y'meynau
942 _cكتاب
999 _c34333
_d34333